000 00433nam a2200145 u 4500
001 000020277
005 20200929170338.0
008 100802s20uu dr r 000 0 spa d
040 _aDO-SdBNP
_bspa
_cBNPHU
082 _axxxx
_bxxxx
100 1 _aJiménez Collie, Desirée
_d1965-
_942907
245 1 0 _aBiografía del silencio /
_cDesirée Jiménez collie.
260 _a[Santo Domingo] :
_bKamar,
_c[20--].
300 _a53 p. : ;
_c23 cm.
999 _c19781
_d19781